000 00352nam a2200169Ia 4500
100 _aVerma/Shalini
650 _aCommunication Skill
942 _cBK
366 _f15
654 _aword power
245 _aWord power made handy
260 _bS.Chand and Co.
_c2007
082 _a371.2
_bVER
300 _a392
546 _aENGLISH
999 _c30768
_d30768